<?xml version="1.0" encoding="UTF-8"?>
<record
    xmlns:xsi="http://www.w3.org/2001/XMLSchema-instance"
    xsi:schemaLocation="http://www.loc.gov/MARC21/slim http://www.loc.gov/standards/marcxml/schema/MARC21slim.xsd"
    xmlns="http://www.loc.gov/MARC21/slim">

  <leader>02320nam a22001577a 4500</leader>
  <datafield tag="082" ind1=" " ind2=" ">
    <subfield code="a">610</subfield>
  </datafield>
  <datafield tag="100" ind1=" " ind2=" ">
    <subfield code="a">Liaquat, Umna </subfield>
    <subfield code="9">132918</subfield>
  </datafield>
  <datafield tag="245" ind1=" " ind2=" ">
    <subfield code="a">Social Media Analytics for Mental Health Assessment /</subfield>
    <subfield code="c">Umna Liaquat</subfield>
  </datafield>
  <datafield tag="264" ind1=" " ind2=" ">
    <subfield code="a">Islamabad : </subfield>
    <subfield code="b">SMME- NUST; </subfield>
    <subfield code="c">2025.</subfield>
  </datafield>
  <datafield tag="300" ind1=" " ind2=" ">
    <subfield code="a">94p.</subfield>
    <subfield code="b">Soft Copy</subfield>
    <subfield code="c">30cm</subfield>
  </datafield>
  <datafield tag="500" ind1=" " ind2=" ">
    <subfield code="a">Social media has emerged as a tool for exploring the human psyche, offering exceptional
access to real-time behavioral signals that are transforming the landscape of computational
psychiatry. Among these, bipolar disorder is difficult to detect because of its volatility,
requiring robust modeling of emotion, behavior, and timing. Prior studies have largely
focused on text-based sentiment analysis and linguistic features to classify mental health
conditions; however, these approaches often neglect non-verbal markers such as circadian
rhythms and affective variability. Existing models primarily depend on static textual cues,
limiting their ability to capture the dynamic, multimodal nature of psychiatric expression.
This study addresses these limitations by integrating temporal rhythms, emotional
dynamics, and behavioral signals extracted from Reddit user histories to develop predictive
models of bipolar disorder and high-risk psychological states. We propose a series of
interpretable multimodal architectures employing classical machine learning (Logistic
regression, Random Forest, and XGBoost), deep sequence models (LSTM, GRU), and
transformer-based frameworks (Roberta, GPT). Our approach incorporates temporal
posting features, emotional entropy, and community-level interaction structures.
Compared to benchmark studies, our models demonstrate significant improvements in both
classification (F1 &gt; 0.99) and regression (R&#xB2; &gt; 0.89), highlighting the predictive power of
fused behavioral signals. This work advances the field by providing a scalable, languageindependent framework for the early detection of psychiatric risk. It also holds broader
implications for public health by offering a foundation for real-time, ethically deployable
digital mental health tools.</subfield>
  </datafield>
  <datafield tag="650" ind1=" " ind2=" ">
    <subfield code="a">MS Biomedical Engineering (BME)      </subfield>
    <subfield code="9">119509</subfield>
  </datafield>
  <datafield tag="700" ind1=" " ind2=" ">
    <subfield code="a">Supervisor : Dr. Nabeel Anwar</subfield>
    <subfield code="9">120667</subfield>
  </datafield>
  <datafield tag="856" ind1=" " ind2=" ">
    <subfield code="u">http://10.250.8.41:8080/xmlui/handle/123456789/57289</subfield>
  </datafield>
  <datafield tag="942" ind1=" " ind2=" ">
    <subfield code="2">ddc</subfield>
    <subfield code="c">THE</subfield>
  </datafield>
  <datafield tag="999" ind1=" " ind2=" ">
    <subfield code="c">615943</subfield>
    <subfield code="d">615943</subfield>
  </datafield>
  <datafield tag="952" ind1=" " ind2=" ">
    <subfield code="0">0</subfield>
    <subfield code="1">0</subfield>
    <subfield code="4">0</subfield>
    <subfield code="7">0</subfield>
    <subfield code="a">SMME</subfield>
    <subfield code="b">SMME</subfield>
    <subfield code="c">EB</subfield>
    <subfield code="d">2026-01-26</subfield>
    <subfield code="l">0</subfield>
    <subfield code="o">610</subfield>
    <subfield code="p">SMME-TH-1206</subfield>
    <subfield code="r">2026-01-26</subfield>
    <subfield code="w">2026-01-26</subfield>
    <subfield code="y">THE</subfield>
  </datafield>
</record>
